Online Catalogue and eLibrary

A Reader in Feminist Knowledge (Record no. 1587)

MARC details
000 -LEADER
fixed length control field 00573nam a2200229Ia 4500
005 - DATE AND TIME OF LATEST TRANSACTION
control field 20250210041418.0
008 - FIXED-LENGTH DATA ELEMENTS--GENERAL INFORMATION
fixed length control field 240331s9999 xx 000 0 und d
020 ## - INTERNATIONAL STANDARD BOOK NUMBER
ISBN 0415046998
082 ## - DDC Classification
Item Number - Author Mark GUN
DDC Edition Number 2036
Class No. 305.4
245 #0 - TITLE STATEMENT
Title A Reader in Feminist Knowledge
260 ## - PUBLICATION, DISTRIBUTION, ETC.
Place of publication, distribution, etc. New York;
-- London
Name of publisher, distributor, etc. Routledge
Date of publication, distribution, etc. 1991
300 ## - PHYSICAL DESCRIPTION
Extent (e.g. Volumes, Pages etc.) xi, 414 p.,
650 ## - SUBJECT ADDED ENTRY--TOPICAL TERM
Topical term or geographic name entry element Feminism
650 ## - SUBJECT ADDED ENTRY--TOPICAL TERM
Topical term or geographic name entry element Women's Studies
650 ## - SUBJECT ADDED ENTRY--TOPICAL TERM
Topical term or geographic name entry element Radical Feminism
650 ## - SUBJECT ADDED ENTRY--TOPICAL TERM
Topical term or geographic name entry element Socialism
650 ## - SUBJECT ADDED ENTRY--TOPICAL TERM
Topical term or geographic name entry element Postmodernism
650 ## - SUBJECT ADDED ENTRY--TOPICAL TERM
Topical term or geographic name entry element Religion
650 ## - SUBJECT ADDED ENTRY--TOPICAL TERM
Topical term or geographic name entry element Psychoanalysis
700 ## - ADDED ENTRY--PERSONAL NAME
Personal name Gunew, S
Relator term (Role) Editor
942 ## - Koha item type (Biblio)
Koha item type Books in Stacks (Lending)
Holdings
Lost status Damaged status Collection code Home library Current library Shelving location Date acquired Full call number Accession Number Item type
    Lending WERC Library WERC Library Social Science Cupboard 03/31/2024 305.4 REA 2036 Books in Stacks (Lending)

© WERC Library